| 000 | 02393nam a2200397 a 4500 | ||
|---|---|---|---|
| 003 | CHAP | ||
| 005 | 20230503125404.0 | ||
| 007 | ta | ||
| 008 | 230503s2020 ag d|||fr|||| 001 0 spa d | ||
| 020 | _a987-9406-82-6 | ||
| 040 |
_amxchpua _cCHAP _erda |
||
| 050 | 1 | 0 |
_aT55.9 _b.S28 2020 |
| 082 | 0 | 0 |
_a629.892 _bS28 2020 _220 |
| 100 | 1 |
_9186897 _aSauchelli, Víctor Hugo _eautor |
|
| 245 |
_aIntroducción a los sistemas de control digital / _cVíctor Hugo Sauchelli |
||
| 250 | _a1a edición | ||
| 264 |
_aCórdoba, Argentina : _bUniversitas, _c2020 |
||
| 300 |
_a247 páginas : _bgráficas, diagramas |
||
| 336 |
_2rdacontent _atexto _btxt |
||
| 337 |
_2rdamedia _asin medio _bn |
||
| 338 |
_2rdacarrier _avolumen _bnc |
||
| 490 | 1 | _aIngeniería (Universitas) | |
| 504 | _aBibliografía: página 247 | ||
| 505 | 0 | _a• Proceso de Señales Digitales -- • Transformadas Aplicadas a SLIT de Tiempo Discreto -- • Análisis y Diseño por Métodos Convencionales -- • Técnicas en Variables de Estado -- • Representación de Señales Pasabanda -- • Expansión en Fracciones Simples -- • Introducción al Matlab para Sistema de Control | |
| 520 | 2 | _aLa Ingeniería del Control Automático juega un papel fundamental en los sistemas y procesos tecnológicos modernos. Los beneficios que se obtienen con un buen control pueden llegar a ser enormes. Estos beneficios incluyen productos de mejor calidad, menor consumo de energía, minimización de desechos, mayores niveles de seguridad y reducción de la polución. Este libro, académico, intenta generar un equilibrio que pone un énfasis en el diseño teórico convencional y mediante técnicas con variables de estado, con la actividad real de aplicación de los controladores digitales y sistemas de control industriales, los beneficios de las teorías, o la ausencia de ellas, es más claramente percibida. Con este libro usted podrá desarrollar conocimientos sobre Sistemas de Control Digital. | |
| 650 | 1 | 3 |
_9147230 _aElectrónica digital |
| 650 | 1 | 7 |
_958226 _aIngeniería eléctronica |
| 650 | 1 | 7 |
_958218 _aIngeniería de sistemas |
| 650 | 1 | 7 |
_98413 _aAutomatización |
| 650 | 1 | 3 |
_9147229 _aDigital electronics |
| 650 | 1 | 3 |
_9186900 _aElectronic engineering |
| 650 | 1 | 3 |
_9186901 _aSystems engineering |
| 650 | 1 | 3 |
_9161636 _aAutomation |
| 830 | 0 |
_9186882 _aIngeniería (Universitas) |
|
| 942 |
_2ddc _cLibro |
||
| 999 |
_c218675 _d218675 |
||